|
|
|
|
| LEADER |
00802nta a2200169 i 4500 |
| 001 |
dipl52377 |
| 005 |
20150624101334.0 |
| 008 |
150624s2013 hu om 0|| zxx d |
| 040 |
|
|
|a SZTE Diploma Repozitórium
|b hun
|
| 041 |
|
|
|a zxx
|
| 100 |
1 |
|
|a Zilahi Erzsébet Márta
|
| 245 |
1 |
0 |
|a Szakközépiskolások algoritmikus gondolkodásának fejlődése és összefüggése egyes háttértényezőkkel
|h [elektronikus dokumentum] /
|c Erzsébet Márta Zilahi
|
| 246 |
1 |
0 |
|a Measure of the algorithmic thinking and correlation in a secundary school with other factors
|h [elektronikus dokumentum]
|
| 260 |
|
|
|c 2013
|
| 650 |
|
4 |
|a Bölcsészettudományok
|
| 700 |
1 |
|
|a Vidákovich Tibor
|e ths
|
| 856 |
4 |
0 |
|u http://diploma.bibl.u-szeged.hu/id/eprint/52377/1/2014_Zilahi_Erzs%C3%A9bet_M%C3%A1rta_ZIEEAB_J_SZE_SZ.pdf
|z Dokumentum-elérés
|